书目信息 |
| 题名: |
教育学和教育史
|
|
| 作者: | ;人民教育出版社 编译 | |
| 分册: | 第一辑 | |
| 出版信息: | 北京 人民教育出版社 1956 |
|
| 页数: | 165页 | |
| 开本: | 20cm | |
| 丛书名: | 苏联大百科全书选译 | |
| 单 册: | ||
| 中图分类: | G751.2 | |
| 科图分类: | ||
| 主题词: | 教育--类型 | |
| 电子资源: | ||
| ISBN: | ||
| 000 | 00690nam0 2200229 450 | |
| 001 | 0636607157 | |
| 005 | 20060306105654.31 | |
| 010 | @dCNY0.46 | |
| 100 | @a20060306d1956 km y0chiy0120 ea | |
| 101 | 0 | @achi |
| 102 | @aCN@b110000 | |
| 102 | @aCN@b110000 | |
| 200 | 1 | @a教育学和教育史@Ajiao yu xue he jiao yu shi@h第一辑@f人民教育出版社编译@Fren min jiao yu chu ban she bian yi |
| 210 | @a北京@c人民教育出版社@d1956 | |
| 215 | 1 | @a165页@d20cm |
| 225 | 2 | @a苏联大百科全书选译 |
| 410 | 0 | @12001 @a苏联大百科全书选译 |
| 606 | 0 | @a教育@x类型 |
| 690 | @aG751.2@v4 | |
| 711 | 0 | @a人民教育出版社@Aren min jiao yu chu ban she@4编译 |
| 801 | 0 | @aCN@bPFT@c20060306 |
| 905 | @a10447@dG751.2@e8:1 | |
| 教育学和教育史.第一辑/人民教育出版社编译.-北京:人民教育出版社,1956 |
| 165页;20cm.-(苏联大百科全书选译) |
| ISBN :CNY0.46 |
| ● |
| 相关链接 |
|
|
|
|
正题名:教育学和教育史
索取号:G751.2/8:1
 
预约/预借
| 序号 | 登录号 | 条形码 | 馆藏地/架位号 | 状态 | 备注 |
| 1 | 0019518 | 202202286 | 密集书库/ [索取号:G751.2/8:1] | 在馆 |